Μελέτες ιστορίας της τέχνης

Αποθηκεύτηκε σε:
Λεπτομέρειες βιβλιογραφικής εγγραφής
Κύριος συγγραφέας: Antal, Frederick
Άλλοι συγγραφείς: Παππάς, Ανδρέας, 1950- (Μεταφραστής), Χατζηνικολάου, Νίκος, 1935- (Συγγραφέας εισαγωγής κ.λπ.)
Μορφή: Βιβλίο
Γλώσσα:Greek
English
Δημοσίευση: Ηράκλειο : Πανεπιστημιακές Εκδόσεις Κρήτης, 1999.
Έκδοση:2η έκδ.
Σειρά:Συμβολή στις επιστήμες του ανθρώπου
Θέματα:
Ετικέτες: Προσθήκη ετικέτας
Δεν υπάρχουν, Καταχωρήστε ετικέτα πρώτοι!

MARC

LEADER 00000cam a2200000 i 4500
001 1/13032
008 001107s1999 gr | ||| |||| ||gre||
020 |a 9607309758 
035 |l 10064454 
040 |a GR-MyUA  |b gre  |e AACR2 
041 1 |a gre  |h eng 
082 7 |a 709.03   |2 (22) 
100 1 |a Antal, Frederick. 
245 1 0 |a Μελέτες ιστορίας της τέχνης /   |c Φρέντερικ Αντάλ ; μετάφραση Ανδρέας Παππάς ; πρόλογος στην ελληνική έκδοση Νίκος Χατζηνικολάου.  
250 |a 2η έκδ.  
260 |a Ηράκλειο :   |b Πανεπιστημιακές Εκδόσεις Κρήτης,   |c 1999.  
300 |a 277 σ. :   |b εικ. ;   |c 28 εκ.  
490 1 |a (Συμβολές στις επιστήμες του ανθρώπου)  
500 |a Τα κείμενα πρωτοεκδόθηκαν μεταξύ 1929-1951. 
500 |a Τίτλος πρωτοτύπου: Classicism and romanticism with other studies in art history.  
504 |a Βιβλιογραφία: σ. 251-254. Ευρετήριο.  
600 1 0 |a Carpi, Girolamo da,   |d 1501-1556. 
650 0 |a Art  |x Philosophy. 
650 0 |a Art  |x History. 
650 0 |a Art  |x Methodology. 
650 0 |a Classicism in art. 
650 0 |a Romanticism in art. 
650 0 |a Art  |x Historiography. 
700 1 |a Παππάς, Ανδρέας,   |d 1950-  |e trl 
700 1 |a Χατζηνικολάου, Νίκος,   |d 1935-  |e aui 
830 0 |a Συμβολή στις επιστήμες του ανθρώπου 
852 |a INST  |b LESVOS  |e 20070802  |h 709.03 ANT  |p 005100041359  |q 005100041359  |t BK  |y 0 
852 |a INST  |b SYROS  |e 20001107  |h 709.03 ANT  |p 005500002200  |q 005500002200  |t BK  |y 0 
852 |a INST  |b SYROS  |e 20090213  |h 709.03 ANT  |p 005500008690  |q 005500008690  |t BK  |y 0 
901 |a BIBL5-2000-3 
901 |a BIBL1-2007-2 
922 |a 5ΕΛΗ  |b 200007  |c Βιβλιοθήκη  |d Παπασωτηρίου 
922 |a 1ΕΛΗ  |b 200707  |c ΕΠΕΑΕΚ2/ΠΤΕ  |d Σ. Πατάκης 
950 |a 183-2000-07-05 
970 |a Πουρνάρας  |b Δημήτρης  |z 28/11/2000